[Event "Bundesliga 2014-15"]
[Site "Muelheim GER"]
[Date "2015.04.12"]
[Round "15.7"]
[Board "6"]
[White "Seger, Ruediger"]
[Black "Feygin, Michael"]
[Result "1/2-1/2"]
[WhiteTitle "IM"]
[BlackTitle "GM"]
[WhiteElo "2372"]
[BlackElo "2488"]
[WhiteTeam "SG Trier"]
[BlackTeam "SV Muelheim Nord"]
[WhiteFideId "4617274"]
[BlackFideId "14103109"]
[EventDate "2014.10.18"]
[EventType "team"]

1. e4 e6 2. d4 d5 3. Nd2 Nf6 4. e5 Nfd7 5. c3 c5 6. Bd3 Nc6 7. Ne2 cxd4 8. cxd4
a5 9. O-O a4 10. Nf3 h6 11. Nc3 Nb6 12. Bc2 Bd7 13. a3 Ra5 14. Nxa4 Nxd4 15.
Nxd4 Bxa4 16. b3 Bd7 17. Re1 Nc8 18. Bb2 g6 19. Qd2 Bg7 20. a4 O-O 21. h4 h5 22.
g3 Ra8 23. Bd3 Na7 24. a5 Nc6 25. Nxc6 Bxc6 26. b4 Qd7 27. Qe2 Ba4 28. g4 hxg4
29. Qxg4 Bb5 30. Ra3 Rfc8 31. h5 Bxd3 32. Rxd3 Qe8 33. hxg6 fxg6 34. Ree3 Rc4
35. Qg2 Rxb4 36. Rg3 Rc8 37. Rxg6 Rc7 38. Rdg3 Qf8 39. Ba3 Rb1+ 40. Kh2 Qf4 41.
Bd6 Rf7 42. Rg4 Qh6+ 43. Rh3 Qd2 44. Rhg3 Qh6+ 45. Rh3 Qd2 46. Rhg3 1/2-1/2